书目信息 |
| 题名: |
作家文摘
|
|
| 作者: | 《作家文摘》编 | |
| 分册: | Ⅴ 沉浮人生 | |
| 出版信息: | 北京 现代出版社 2013.09 |
|
| 页数: | 271页 | |
| 开本: | 24cm | |
| 丛书名: | ||
| 单 册: | ||
| 中图分类: | I2-55 , K820.6 | |
| 科图分类: | ||
| 主题词: | 作家--文摘--中国 , 名人--生平事迹--中国--现代 , 作家 , 文摘 , 名人 | |
| 电子资源: | ||
| ISBN: | 978-7-5143-1674-2 | |
| 000 | 00856nam0 2200289 450 | |
| 001 | 010050029980 | |
| 005 | 20140611145330.54 | |
| 010 | @a978-7-5143-1674-2@dCNY28.00 | |
| 100 | @a20130829d2013 em y0chiy0110 ea | |
| 101 | 0 | @achi |
| 102 | @aCN@b110000 | |
| 105 | @ay z 000yc | |
| 106 | @ar | |
| 200 | 1 | @a作家文摘@9zuo jia wen zhai@hⅤ@i沉浮人生@e20周年珍藏本@f《作家文摘》编 |
| 210 | @a北京@c现代出版社@d2013.09 | |
| 215 | @a271页@d24cm | |
| 330 | @a本书为《作家文摘》20周年来作品精选,聚焦中国现代风云人物,书写他们跌宕起伏的人生际遇、被历史大潮裹挟的命运沉浮。 | |
| 333 | @a一般读者 | |
| 606 | 0 | @a作家@x文摘@y中国 |
| 606 | 0 | @a名人@x生平事迹@y中国@z现代 |
| 606 | 0 | @a作家 |
| 606 | 0 | @a文摘 |
| 606 | 0 | @a名人 |
| 690 | @aI2-55@v5 | |
| 690 | @aK820.6@v5 | |
| 801 | 0 | @aCN@b人天书店@c20130829 |
| 905 | @b845601-03@dI2-55@e152:5@f3 | |
| 作家文摘.Ⅴ.沉浮人生:20周年珍藏本/《作家文摘》编.-北京:现代出版社,2013.09 |
| 271页;24cm |
| 使用对象:一般读者 |
| ISBN 978-7-5143-1674-2:CNY28.00 |
| 本书为《作家文摘》20周年来作品精选,聚焦中国现代风云人物,书写他们跌宕起伏的人生际遇、被历史大潮裹挟的命运沉浮。 |
| ● |
| 相关链接 |
|
|
|
|
正题名:作家文摘
索取号:I2-55/152:5
 
预约/预借
| 序号 | 登录号 | 条形码 | 馆藏地/架位号 | 状态 | 备注 |
| 1 | 845601 | 208456017 | 第一样本阅览室/ [索取号:I2-55/152:5] | 在馆 | |
| 2 | 845602 | 208456026 | 第二借阅区/ [索取号:I2-55/152:5] | 在馆 | |
| 3 | 845603 | 208456035 | 第二借阅区/ [索取号:I2-55/152:5] | 在馆 |